[Event "Moscow op (Women) 17th"]
[Site "Moscow"]
[Date "2021.02.20"]
[Round "1"]
[White "Salakhova, Adelya"]
[Black "Gunina, Valentina"]
[Result "0-1"]
[WhiteElo "1875"]
[BlackElo "2427"]
[PlyCount "46"]
[EventDate "2021.02.20"]
[EventType "swiss"]
[EventRounds "9"]
[EventCountry "RUS"]
[SourceTitle "CBM 200 Extra"]
[Source "ChessBase"]
[SourceDate "2021.03.31"]
[SourceVersion "1"]
[SourceVersionDate "2021.03.31"]
[SourceQuality "1"]

1. d4 d5 2. c4 c6 3. cxd5 cxd5 4. Nc3 Nf6 5. Bf4 Nc6 6. e3 a6 7. Bd3 Bg4 8. Nf3 e6 9. 0-0 Bd6 10. Bxd6 Qxd6 11. Na4 0-0 12. Rc1 Rac8 13. h3 Bxf3 14. Qxf3 e5 15. Qg3 Qe7 16. dxe5 Nxe5 17. Bf5 Rxc1 18. Rxc1 Nh5 19. Qh2 d4 20. Rc5 Re8 21. Rd5 dxe3 22. Nc3 exf2+ 23. Kxf2 Ng4+ 0-1

[Event "RUS-ch Higher League (Women) 70th"]
[Site "Sochi"]
[Date "2020.10.16"]
[Round "8"]
[White "Kochukova, Anna"]
[Black "Salakhova, Adelya"]
[Result "1-0"]
[WhiteElo "2093"]
[BlackElo "1885"]
[PlyCount "161"]
[EventDate "2020.10.08"]
[EventType "swiss"]
[EventRounds "9"]
[EventCountry "RUS"]
[SourceTitle "CBM 198 Extra"]
[Source "ChessBase"]
[SourceDate "2020.11.30"]
[SourceVersion "1"]
[SourceVersionDate "2020.11.30"]
[SourceQuality "1"]

1. e4 d6 2. d4 Nf6 3. Nc3 Nbd7 4. Be3 c6 5. f3 b5 6. Qd2 Bb7 7. Nge2 Nb6 8. b3 g6 9. Ng3 Bg7 10. Bh6 0-0 11. h4 Bh8 12. Bxf8 Qxf8 13. h5 b4 14. Nce2 c5 15. hxg6 hxg6 16. Rd1 Bg7 17. dxc5 dxc5 18. Qg5 Qc8 19. Nf4 c4 20. Be2 cxb3 21. cxb3 Qc3+ 22. Kf1 Qc2 23. Nd3 Qxa2 24. Qc5 Qxb3 25. Qxe7 Ba6 26. Qxb4 Qe6 27. Nf4 Bxe2+ 28. Ngxe2 Qa2 29. Qe7 Re8 30. Qc7 Nc4 31. Kf2 Ne5 32. Rd8 Qa4 33. Rhd1 g5 34. Nh5 Nxh5 35. Rxe8+ Kh7 36. Red8 Qa2 37. Rh1 Kg6 38. Qd6+ f6 39. Qd5 Qb2 40. Qd4 Qc2 41. Qd2 Qc5+ 42. Qe3 Qa5 43. Rd5 Qa2 44. Rhd1 Nc4 45. Qc3 Bf8 46. Ra1 Qb2 47. Qxb2 Nxb2 48. Ke3 a5 49. Kd4 a4 50. Kc3 a3 51. Kb3 Ng7 52. Nd4 Nd3 53. Nb5 Nc5+ 54. Kc4 Nge6 55. Nxa3 Na4 56. Ra5 Nec5 57. Nc2 Nb2+ 58. Kc3 Nbd3 59. Ne3 Nf4 60. R1a2 Ncd3 61. Nd5 Bd6 62. Nxf4+ Nxf4 63. Rd2 Bc7 64. Rb5 g4 65. Ra2 gxf3 66. gxf3 Be5+ 67. Kd2 Kg5 68. Ke3 Kh4 69. Raa5 Ng6 70. Rxe5 fxe5 71. Rb5 Kg3 72. Ra5 Kh4 73. Ra6 Kg5 74. Re6 Kh5 75. Rf6 Nh4 76. Re6 Ng6 77. Kf2 Kg5 78. Kg3 Kh5 79. Rf6 Nh4 80. f4 exf4+ 81. Kxf4 1-0

[Event "RUS-ch Higher League (Women) 70th"]
[Site "Sochi"]
[Date "2020.10.12"]
[Round "5"]
[White "Komissarova, Soigina"]
[Black "Salakhova, Adelya"]
[Result "1-0"]
[WhiteElo "1780"]
[BlackElo "1885"]
[PlyCount "147"]
[EventDate "2020.10.08"]
[EventType "swiss"]
[EventRounds "9"]
[EventCountry "RUS"]
[SourceTitle "CBM 198 Extra"]
[Source "ChessBase"]
[SourceDate "2020.11.30"]
[SourceVersion "1"]
[SourceVersionDate "2020.11.30"]
[SourceQuality "1"]

1. c4 e6 2. Nf3 Nf6 3. Nc3 d5 4. d4 Be7 5. Bf4 0-0 6. e3 b6 7. cxd5 exd5 8. Bd3 c5 9. h3 Bb7 10. 0-0 Nbd7 11. Ne5 a6 12. a4 Rc8 13. Bh2 Ne4 14. Rc1 Nxc3 15. bxc3 Nxe5 16. Bxe5 Bf6 17. Bf4 c4 18. Bf5 Ra8 19. f3 Re8 20. Re1 b5 21. Bc2 Qa5 22. Re2 Bc6 23. e4 g6 24. Qe1 Bg7 25. Bd6 Qd8 26. Qg3 Qd7 27. Ree1 Rad8 28. e5 Qa7 29. Bc5 Qc7 30. f4 f5 31. Qf3 Kh8 32. Kh1 Bd7 33. Bd6 Qc6 34. Rg1 Bf8 35. Bxf8 Rxf8 36. Qg3 Be6 37. Qg5 Rd7 38. h4 b4 39. Qh6 Rdf7 40. h5 gxh5 41. Bd1 Rg7 42. cxb4 Qb6 43. Rc3 Qxb4 44. Rh3 Qe7 45. Qxh5 Qd7 46. Qf3 Qa7 47. Rh6 Rg6 48. Qh3 Rfg8 49. Bf3 Qg7 50. Rh5 Rg3 51. Qh2 Rb8 52. Rh3 Rxh3 53. gxh3 Qh6 54. h4 Rb3 55. Qg3 Rb7 56. h5 Rb8 57. Qh4 c3 58. Bd1 Rc8 59. Rg2 Qf8 60. h6 Bd7 61. Bc2 Rc6 62. Rh2 Rg6 63. Qf2 Rxh6 64. Qe2 Rxh2+ 65. Kxh2 Qh6+ 66. Kg3 Qb6 67. Qd3 Qb2 68. Kf3 h5 69. Kg3 Kg7 70. Kh4 Qc1 71. Qg3+ Kh7 72. Kxh5 Be8+ 73. Kg5 Qxc2 74. Kf6 1-0

[Event "RUS-ch Higher League (Women) 70th"]
[Site "Sochi"]
[Date "2020.10.09"]
[Round "2"]
[White "Salakhova, Adelya"]
[Black "Nechaeva, Marina"]
[Result "0-1"]
[WhiteElo "1885"]
[BlackElo "2377"]
[PlyCount "80"]
[EventDate "2020.10.08"]
[EventType "swiss"]
[EventRounds "9"]
[EventCountry "RUS"]
[SourceTitle "CBM 198 Extra"]
[Source "ChessBase"]
[SourceDate "2020.11.30"]
[SourceVersion "1"]
[SourceVersionDate "2020.11.30"]
[SourceQuality "1"]

1. d4 d5 2. c4 c6 3. Nf3 Nf6 4. e3 Bf5 5. Nc3 e6 6. Nh4 Be4 7. f3 Bg6 8. Qb3 Qc7 9. Bd2 Be7 10. 0-0-0 dxc4 11. Bxc4 a6 12. Nxg6 hxg6 13. e4 b5 14. Bd3 c5 15. dxc5 Nbd7 16. Kb1 Nxc5 17. Qc2 Nxd3 18. Qxd3 Rxh2 19. Qe2 Nd7 20. Rxh2 Qxh2 21. f4 b4 22. Na4 Qh5 23. Qxh5 gxh5 24. Rh1 g6 25. f5 Nf6 26. fxe6 fxe6 27. Bf4 Rd8 28. e5 Ng4 29. b3 Rd4 30. Bc1 Re4 31. Nb6 Rxe5 32. Rd1 Re2 33. g3 Nf2 34. Rf1 Ne4 35. Bh6 Nxg3 36. Rg1 h4 37. Nc4 g5 38. Bg7 Ne4 39. Ne5 Bc5 40. Rh1 Nc3+ 0-1

[Event "Moscow op (Women) 16th"]
[Site "Moscow"]
[Date "2020.01.25"]
[Round "1"]
[White "Salakhova, Adelya"]
[Black "Bykova, Anastasia"]
[Result "0-1"]
[WhiteElo "1773"]
[BlackElo "2247"]
[PlyCount "104"]
[EventDate "2020.01.25"]
[EventType "swiss"]
[EventRounds "9"]
[EventCountry "RUS"]
[SourceTitle "CBM 194 Extra"]
[Source "ChessBase"]
[SourceDate "2020.03.31"]
[SourceVersion "1"]
[SourceVersionDate "2020.03.31"]
[SourceQuality "1"]

1. d4 d5 2. c4 c6 3. Nf3 Nf6 4. e3 Bg4 5. h3 Bh5 6. g4 Bg6 7. Ne5 Be4 8. Rg1 Bxb1 9. Rxb1 e6 10. Qb3 Qc7 11. cxd5 exd5 12. Bd3 Nbd7 13. Nxd7 Nxd7 14. Bd2 Be7 15. Qc2 Qh2 16. Rg3 h5 17. gxh5 Rxh5 18. Rxg7 Rxh3 19. Rg8+ Nf8 20. Ba5 Rf3 21. Qe2 Qh3 22. Bc7 Rc8 23. Bg3 Rf6 24. b4 a6 25. a3 Kd7 26. Qg4+ Qxg4 27. Rxg4 Rh6 28. Ke2 Ne6 29. f4 Rch8 30. Bf2 Nc7 31. a4 Rh1 32. Rgg1 Rxg1 33. Bxg1 Rg8 34. Kf2 b5 35. a5 Ne8 36. Bf5+ Kc7 37. Bh2 Nd6 38. Bd3 Kd7 39. Bg3 Ne4+ 40. Bxe4 dxe4 41. Rb3 Ke6 42. Rb1 Kd5 43. Rb2 Rg6 44. Rb1 f5 45. Rc1 Bxb4 46. Bh4 Rh6 47. Kg3 Kd6 48. Bg5 Rh7 49. Bf6 Bd2 50. Rc5 Bxe3 51. Rxf5 Ke6 52. Kg4 Rh1 0-1

[Event "Samara Polugaevsky Memorial 9th"]
[Site "Samara"]
[Date "2019.07.10"]
[Round "1"]
[White "Salakhova, Adelya"]
[Black "Utegaliev, Azamat"]
[Result "0-1"]
[WhiteElo "1933"]
[BlackElo "2510"]
[PlyCount "64"]
[EventDate "2019.07.10"]
[EventType "swiss"]
[EventRounds "9"]
[EventCountry "RUS"]
[SourceTitle "EXT 2020"]
[Source "ChessBase"]
[SourceDate "2019.10.17"]
[SourceVersion "1"]
[SourceVersionDate "2019.10.17"]
[SourceQuality "1"]

1. d4 Nf6 2. Nf3 g6 3. c4 Bg7 4. g3 0-0 5. Bg2 d6 6. 0-0 c6 7. Nc3 Bf5 8. Re1 Ne4 9. Nd2 Nxc3 10. bxc3 Na6 11. e4 Be6 12. Rb1 Qc8 13. Qe2 Nc7 14. Ba3 Rd8 15. Nf1 b6 16. Ne3 Qa6 17. Bb2 b5 18. cxb5 cxb5 19. a3 Rac8 20. Nc2 Qb6 21. d5 Bd7 22. Nd4 a6 23. Ba1 Qc5 24. Qb2 Na8 25. Qb4 Nb6 26. Qxc5 Rxc5 27. Rb3 Rdc8 28. Ne2 Na4 29. Rc1 R5c7 30. h3 e6 31. f4 exd5 32. exd5 Nc5 0-1

[Event "Moscow op-B (Women) 14th"]
[Site "Moscow"]
[Date "2018.01.27"]
[Round "1"]
[White "Afanasieva, Alexandra"]
[Black "Salakhova, Adelya"]
[Result "0-1"]
[WhiteElo "2063"]
[BlackElo "1696"]
[PlyCount "132"]
[EventDate "2018.01.27"]
[EventType "swiss"]
[EventRounds "9"]
[EventCountry "RUS"]
[SourceTitle "CBM 182 Extra"]
[Source "ChessBase"]
[SourceDate "2018.02.23"]
[SourceVersion "1"]
[SourceVersionDate "2018.02.23"]
[SourceQuality "1"]

1. e4 d6 2. d4 Nf6 3. Nc3 e5 4. Nf3 Nbd7 5. Bc4 Be7 6. 0-0 0-0 7. Re1 c6 8. a4 a5 9. h3 Nb6 10. Bb3 Nfd7 11. Be3 exd4 12. Qxd4 Nc5 13. Ba2 Be6 14. Bxe6 fxe6 15. e5 d5 16. Qg4 Nbd7 17. h4 Rf5 18. Nd4 Nxe5 19. Qh3 Rf7 20. Nxe6 Nxe6 21. Qxe6 Nc4 22. h5 Nxe3 23. Rxe3 Bc5 24. Re2 Qh4 25. Rf1 Qxh5 26. Re5 Qh4 27. Ne4 Bd4 28. Nd6 Bxf2+ 29. Rxf2 Qxf2+ 30. Kh2 Qf6 31. Qxf7+ Qxf7 32. Nxf7 Kxf7 33. Kg3 Re8 34. Rf5+ Kg6 35. Rf3 Re2 36. Rb3 Rxc2 37. Rxb7 d4 38. Kf3 d3 39. Rb6 Kf5 40. Rb7 d2 41. g4+ Kf6 42. Ke2 Rc4 43. g5+ Kg6 44. Kxd2 Rxa4 45. Rc7 Rc4 46. Kd3 Rc5 47. Ke4 Rxg5 48. Rxc6+ Kh5 49. Kf4 Rb5 50. Rc7 g5+ 51. Kg3 h6 52. Rc2 Rb3+ 53. Kg2 a4 54. Kh2 g4 55. Kg1 Kg5 56. Rc5+ Kh4 57. Rc2 h5 58. Kg2 Rb4 59. Rd2 Kg5 60. Rd5+ Kf4 61. Rxh5 Rxb2+ 62. Kf1 a3 63. Ra5 a2 64. Ra4+ Kg3 65. Ra3+ Kh4 66. Kg1 Rb1+ 0-1